Nárok na výplatu predčasného starobného dôchodku od 1. januára 2011

Od 1. januára 2011 nadobudol účinnosť zákon č. 543/2010 Z. z., ktorým sa mení a dopĺňa zákon č. 461/2003 Z. z. o sociálnom poistení v znení neskorších predpisov a o zmene a doplnení niektorých zákonov. Zmena podmienok nároku na výplatu jednej z dôchodkových dávok - predčasného starobného dôchodku.

Enregistré dans:
Détails bibliographiques
Auteur principal: Grauzelová, Ľudmila
Format: Chapitre de livre
Langue:slovaque
Sujets:
Tags: Ajouter un tag
Pas de tags, Soyez le premier à ajouter un tag!

MARC

LEADER 00000nla$a2200000$$$4500
001 0137000
005 20220729105152.3
041 0 |a slo 
044 |a SK 
245 1 0 |a Nárok na výplatu predčasného starobného dôchodku od 1. januára 2011  |c Ľudmila Grauzelová 
520 |a Od 1. januára 2011 nadobudol účinnosť zákon č. 543/2010 Z. z., ktorým sa mení a dopĺňa zákon č. 461/2003 Z. z. o sociálnom poistení v znení neskorších predpisov a o zmene a doplnení niektorých zákonov. Zmena podmienok nároku na výplatu jednej z dôchodkových dávok - predčasného starobného dôchodku. 
610 2 0 |a poistenie sociálne 
610 2 0 |a poistenie dôchodkové 
610 2 0 |a dôchodky starobné 
610 2 0 |a dôchodky zamestnanecké 
610 2 0 |a vek neproduktívny 
610 2 0 |a dávky dôchodkové 
610 2 0 |a novelizácia 
610 2 0 |a zákony 
100 1 |a Grauzelová, Ľudmila